00251nam a2200097Ia 4500008004100000100001400041245005600055260002500111300000800136650000900144191201s2019 xx 000 0 und d aNSE INDIA 0aInvestment Analysis and Portfolio Management Module aN. DelhibNSE (NCFM) a102 aNCFM